<?xml version="1.0" encoding="UTF-8"?>
<record
    xmlns:xsi="http://www.w3.org/2001/XMLSchema-instance"
    xsi:schemaLocation="http://www.loc.gov/MARC21/slim http://www.loc.gov/standards/marcxml/schema/MARC21slim.xsd"
    xmlns="http://www.loc.gov/MARC21/slim">

  <leader>01658nam a22002657a 4500</leader>
  <datafield tag="952" ind1=" " ind2=" ">
    <subfield code="0">0</subfield>
    <subfield code="1">0</subfield>
    <subfield code="2">lcc</subfield>
    <subfield code="4">0</subfield>
    <subfield code="7">0</subfield>
    <subfield code="a">08</subfield>
    <subfield code="b">08</subfield>
    <subfield code="d">2016-12-11</subfield>
    <subfield code="l">0</subfield>
    <subfield code="o">QA76.625 D4518 2014</subfield>
    <subfield code="p">08 006170</subfield>
    <subfield code="r">2017-12-01</subfield>
    <subfield code="t">1</subfield>
    <subfield code="w">2017-12-01</subfield>
    <subfield code="y">LB</subfield>
  </datafield>
  <datafield tag="952" ind1=" " ind2=" ">
    <subfield code="0">0</subfield>
    <subfield code="1">0</subfield>
    <subfield code="4">0</subfield>
    <subfield code="7">0</subfield>
    <subfield code="a">08</subfield>
    <subfield code="b">08</subfield>
    <subfield code="d">2018-11-05</subfield>
    <subfield code="l">0</subfield>
    <subfield code="o">QA76.625 D4518 2014</subfield>
    <subfield code="p">08 006767</subfield>
    <subfield code="r">2018-11-05</subfield>
    <subfield code="t">2</subfield>
    <subfield code="w">2018-11-05</subfield>
    <subfield code="y">LB</subfield>
  </datafield>
  <datafield tag="999" ind1=" " ind2=" ">
    <subfield code="c">102762</subfield>
    <subfield code="d">102762</subfield>
  </datafield>
  <controlfield tag="008">171201s2014    mx ||||| |||| 00| 0 spa d</controlfield>
  <datafield tag="020" ind1=" " ind2=" ">
    <subfield code="a">9786073222907</subfield>
  </datafield>
  <datafield tag="050" ind1="0" ind2="4">
    <subfield code="a">QA76.625</subfield>
    <subfield code="b">D4518 2014</subfield>
  </datafield>
  <datafield tag="100" ind1=" " ind2=" ">
    <subfield code="a">Deitel, Paul</subfield>
    <subfield code="e">autor</subfield>
  </datafield>
  <datafield tag="240" ind1="1" ind2="0">
    <subfield code="a">Internet &amp; World Wide Web : how to program</subfield>
    <subfield code="l">Espa&#xF1;ol</subfield>
  </datafield>
  <datafield tag="245" ind1="1" ind2="0">
    <subfield code="a">Internet &amp; Worl Wide Web</subfield>
    <subfield code="b"> : c&#xF3;mo programar</subfield>
    <subfield code="c"> / Paul Deite, Harvey Deitel, Abbey Deitel ; traductor Alfonso Vidal Romero Elizondo</subfield>
  </datafield>
  <datafield tag="250" ind1=" " ind2=" ">
    <subfield code="a">5a edici&#xF3;n</subfield>
  </datafield>
  <datafield tag="260" ind1="3" ind2=" ">
    <subfield code="a">M&#xE9;xico</subfield>
    <subfield code="b"> : Pearson Educaci&#xF3;n</subfield>
    <subfield code="c">, 2014</subfield>
  </datafield>
  <datafield tag="300" ind1=" " ind2=" ">
    <subfield code="a">xviii, 663 p&#xE1;ginas</subfield>
    <subfield code="b">: ilustraciones, gr&#xE1;ficas</subfield>
  </datafield>
  <datafield tag="500" ind1=" " ind2=" ">
    <subfield code="a">Traducci&#xF3;n de: Internet an world wide web how to programa</subfield>
  </datafield>
  <datafield tag="505" ind1=" " ind2=" ">
    <subfield code="a">Introducci&#xF3;n a las computadoras e internet
Introducci&#xF3;n a HTMLS: parte 1
Introducci&#xF3;n a HTMLS: parte 2
Introducci&#xF3;n a las hojas de estilo en cascada (cascading style sheets, CSS): parte 1
Introducci&#xF3;n a las hojas de estilo en cascada (cascading style sheets, CSS): parte 2
JavaScript:
Introducci&#xF3;n a las secuencias de comandos
JavasScript: instrucciones de control I
JavasScript: instrucciones de control II
JavaScript: funciones
JavaScript: arreglos
javaScript: objetos
Modelo de objetos de documento(DOM): objetos y colecciones
XML

</subfield>
  </datafield>
  <datafield tag="519" ind1=" " ind2=" ">
    <subfield code="a">Plan Flexible /</subfield>
    <subfield code="b">Inform&#xE1;tica /</subfield>
    <subfield code="c">Programaci&#xF3;n con Nuevas Tecnolog&#xED;as (P18-1) /</subfield>
    <subfield code="d">(08 006170, 08 006767)</subfield>
  </datafield>
  <datafield tag="650" ind1="1" ind2="4">
    <subfield code="a">PROGRAMACION</subfield>
  </datafield>
  <datafield tag="650" ind1="2" ind2="4">
    <subfield code="a">WORLD WIDE WEB </subfield>
  </datafield>
  <datafield tag="700" ind1="1" ind2="0">
    <subfield code="a">Deitel, Harvey M.</subfield>
    <subfield code="e">autor</subfield>
    <subfield code="d">1945-</subfield>
  </datafield>
  <datafield tag="700" ind1="1" ind2="0">
    <subfield code="a">Deitel, Abbey</subfield>
    <subfield code="e">autor</subfield>
  </datafield>
  <datafield tag="700" ind1="3" ind2="0">
    <subfield code="a">Romero Elizondo, Alfonso Vidal</subfield>
    <subfield code="e">traductor</subfield>
  </datafield>
  <datafield tag="942" ind1=" " ind2=" ">
    <subfield code="c">LB</subfield>
    <subfield code="2">lcc</subfield>
  </datafield>
</record>
